MARC details
| 000 -CABECERA |
| campo de control de longitud fija |
01780nam a2200361 a 4500 |
| 001 - NÚMERO DE CONTROL |
| campo de control |
000043476 |
| 003 - IDENTIFICADOR DEL NÚMERO DE CONTROL |
| campo de control |
DO-SdBNP |
| 005 - FECHA Y HORA DE LA ÚLTIMA TRANSACCIÓN |
| campo de control |
20240530073936.0 |
| 008 - DATOS DE LONGITUD FIJA--INFORMACIÓN GENERAL |
| campo de control de longitud fija |
140319s2013 dr r 000 0 spa d |
| 020 ## - NÚMERO INTERNACIONAL ESTÁNDAR DEL LIBRO |
| Número Internacional Estándar del Libro |
9789945412918 |
| 040 ## - FUENTE DE LA CATALOGACIÓN |
| Centro catalogador/agencia de origen |
DO-SdBNP |
| Lengua de catalogación |
spa |
| Centro/agencia transcriptor |
BNPHU |
| 082 ## - NÚMERO DE LA CLASIFICACIÓN DECIMAL DEWEY |
| Número de clasificación |
RD864.508 |
| Número de documento/Ítem |
D542f |
| 100 1# - ENTRADA PRINCIPAL--NOMBRE DE PERSONA |
| Nombre de persona |
Díaz, Ramón Leonardo |
| 9 (RLIN) |
71169 |
| 245 13 - MENCIÓN DE TÍTULO |
| Título |
La filosofía y los espacios de libertad : |
| Resto del título |
y otros ensayos / |
| Mención de responsabilidad, etc. |
Ramón Leonardo Díaz, Pauline Kulstad González, Juan de la Cruz. |
| 260 ## - PUBLICACIÓN, DISTRIBUCIÓN, ETC. |
| Lugar de publicación, distribución, etc. |
Santo Domingo : |
| Nombre del editor, distribuidor, etc. |
FUNGLODE, |
| Fecha de publicación, distribución, etc. |
2013. |
| 300 ## - DESCRIPCIÓN FÍSICA |
| Extensión |
227 p. ; |
| Dimensiones |
23 cm. |
| 490 1# - MENCIÓN DE SERIE |
| Mención de serie |
Premio FUNGLODE de Ensayo Pedro Francisco Bonó |
| 504 ## - NOTA DE BIBLIOGRAFÍA, ETC. |
| Nota de bibliografía, etc. |
Incluye bibliografía y notas al pie de páginas y al final de capítulos. |
| 504 ## - NOTA DE BIBLIOGRAFÍA, ETC. |
| Nota de bibliografía, etc. |
Bibliografía p: 223-227 |
| 505 0# - NOTA DE CONTENIDO CON FORMATO |
| Título |
La filosofía y los espacios de libertad / |
| Mención de responsabilidad |
Ramón Leonardo Díaz -- |
| Título |
Interacción y organización social en el período colonial temprano: el caso de Concepción de la Vega (1495-1564) / |
| Mención de responsabilidad |
Pauline Kulstad González -- |
| Título |
La filosofía política y jurídica de Juan Pablo Duarte / |
| Mención de responsabilidad |
Juan de la Cruz. |
| 586 ## - NOTA DE PREMIOS |
| Nota de premios |
Premios FUNGLODE/GFDD de Ensayo Pedro Francisco Bonó 2012. |
| 600 10 - PUNTO DE ACCESO ADICIONAL DE MATERIA--NOMBRE DE PERSONA |
| Nombre de persona |
Duarte, Juan Pablo, |
| Fechas asociadas al nombre |
1813-1876 |
| 9 (RLIN) |
1494 |
| 650 #0 - PUNTO DE ACCESO ADICIONAL DE MATERIA--TÉRMINO DE MATERIA |
| Término de materia o nombre geográfico como elemento de entrada |
Ensayos dominicanos |
| 9 (RLIN) |
65 |
| 650 #4 - PUNTO DE ACCESO ADICIONAL DE MATERIA--TÉRMINO DE MATERIA |
| Término de materia o nombre geográfico como elemento de entrada |
Filosofía dominicana |
| Subdivisión general |
Ensayos, conferencias, etc. |
| 9 (RLIN) |
37141 |
| 650 #0 - PUNTO DE ACCESO ADICIONAL DE MATERIA--TÉRMINO DE MATERIA |
| Término de materia o nombre geográfico como elemento de entrada |
Literatura dominicana. |
| 9 (RLIN) |
67 |
| 651 #4 - PUNTO DE ACCESO ADICIONAL DE MATERIA--NOMBRE GEOGRÁFICO |
| Nombre geográfico |
La Vega (República Dominicana{Rpara} |
| Subdivisión general |
Historia |
| Subdivisión cronológica |
GOBIERNO COLONIAL ESPAÑOL 1503-1795 |
| 9 (RLIN) |
71170 |
| 700 12 - PUNTO DE ACCESO ADICIONAL--NOMBRE DE PERSONA |
| Nombre de persona |
Kulstad González, Pauline, |
| Fechas asociadas al nombre |
1971- |
| 9 (RLIN) |
71171 |
| 700 12 - PUNTO DE ACCESO ADICIONAL--NOMBRE DE PERSONA |
| Nombre de persona |
Cruz, Juan de la, |
| Fechas asociadas al nombre |
1963- |
| 9 (RLIN) |
71172 |
| 710 2# - PUNTO DE ACCESO ADICIONAL--NOMBRE DE ENTIDAD CORPORATIVA |
| Nombre de entidad corporativa o nombre de jurisdicción como elemento de entrada |
Fundación Global Democracía y Desarrollo |
| 9 (RLIN) |
25477 |
| 830 ## - PUNTO DE ACCESO ADICIONAL DE SERIE-TÍTULO UNIFORME |
| Título uniforme |
Premio FUNGLODE de Ensayo Pedro Francisco Bonó |
| 9 (RLIN) |
71173 |
| 910 ## - DATOS DE OPCIÓN DEL USUARIO (OCLC) |
| Datos de opción del usuario |
Validado. Control de calidad. EMS |
| 942 ## - ELEMENTOS DE PUNTO DE ACCESO ADICIONAL (KOHA) |
| Fuente del sistema de clasificación o colocación |
Dewey Decimal Classification |
| Tipo de ítem Koha |
Libro |